000 00890nam a2200253 a 4500
001 BRCA_5275
005 20190320205019.0
008 011210s1975----nyua######---#000-0#eng-#
020 _a0803744757
041 _aeng
044 _anyu
050 4 _aNK7485
_b.W55 1975
100 1 _aWillsberger, Johann
_d1941-
_913512
245 1 0 _aClocks & Watches
_bsix hundred years of the world’s most beautiful timepieces
_cJohann Willsberger ; introduction by Arnold Toynbee ; translation by Renée Vera Cafiero.
260 _aNueva York
_bDial Press
_c1975
300 _a1 v. (sin paginación)
_bil. a color
_c29 cm.
500 _aTraducción de: Zauberhafte Gehäuse der Zeit
500 _aDonación Dr. Héctor Rivero Borrell Vázquez
650 1 4 _aRelojes
_92227
700 1 _aToynbee, Arnold
_913513
700 1 _aVera Cafiero, Renée
_eTraductor
_913514
902 _aDHR
942 _2lcc
_cB
999 _c4969
_d4969